<?xml version="1.0" encoding="UTF-8"?><?xml-stylesheet type="text/xsl" href="static/style.xsl"?><OAI-PMH xmlns="http://www.openarchives.org/OAI/2.0/" xmlns:xsi="http://www.w3.org/2001/XMLSchema-instance" xsi:schemaLocation="http://www.openarchives.org/OAI/2.0/ http://www.openarchives.org/OAI/2.0/OAI-PMH.xsd"><responseDate>2026-04-13T14:02:10Z</responseDate><request verb="GetRecord" identifier="oai:www.recercat.cat:2117/100881" metadataPrefix="marc">https://recercat.cat/oai/request</request><GetRecord><record><header><identifier>oai:recercat.cat:2117/100881</identifier><datestamp>2025-07-22T20:53:45Z</datestamp><setSpec>com_2072_1033</setSpec><setSpec>col_2072_452951</setSpec></header><metadata><record xmlns="http://www.loc.gov/MARC21/slim" xmlns:dcterms="http://purl.org/dc/terms/" xmlns:xsi="http://www.w3.org/2001/XMLSchema-instance" xmlns:doc="http://www.lyncode.com/xoai" xsi:schemaLocation="http://www.loc.gov/MARC21/slim http://www.loc.gov/standards/marcxml/schema/MARC21slim.xsd">
   <leader>00925njm 22002777a 4500</leader>
   <datafield ind2=" " ind1=" " tag="042">
      <subfield code="a">dc</subfield>
   </datafield>
   <datafield ind2=" " ind1=" " tag="720">
      <subfield code="a">Mourin Marin, Eric</subfield>
      <subfield code="e">author</subfield>
   </datafield>
   <datafield ind2=" " ind1=" " tag="260">
      <subfield code="c">2017</subfield>
   </datafield>
   <datafield ind2=" " ind1=" " tag="520">
      <subfield code="a">Neglected Tropical Diseases (NTDs) are a diverse group of diseases that prevail in tropical&#xd;
and subtropical conditions. They affect more than one billion people, mostly living in&#xd;
poverty, and are costly for the economy. This project focuses on the efforts of the World&#xd;
Health Organization (WHO) to combat one of these diseases, the Chagas disease, with the&#xd;
World Information System for Chagas Control (WISCC) initiative. The WISCC system will&#xd;
allow users with relevant data to share it with the WHO in order to control and eventually&#xd;
stop the spread of the disease by analyzing related data. This thesis is centered on a part of&#xd;
the WISCC system specifically concerned with user data entry and sending. To implement&#xd;
these functionalities, this project consists of two main tasks. On the one hand, to provide a&#xd;
data entry interface, for which we take advantage of the existing health information systems,&#xd;
specifically District Health Information System (DHIS2), and parametrize it by creating&#xd;
forms for gathering Chagas specific information. On the other hand, to extend the tool’s&#xd;
functionalities by means of developing new web applications and web services to cater to&#xd;
specific requirements for organizing the data, and adding new options to the tool (e.g.,&#xd;
validating and sending entered data).</subfield>
   </datafield>
   <datafield ind2=" " ind1=" " tag="520">
      <subfield code="a">Las Enfermedades Tropicales Desatendidas (ETDs) son un grupo diverso de enfermedades&#xd;
que se encuentran sobre todo en países tropicales y subtropicales. Afectan a millones de&#xd;
personas, la mayoría de las cuales vive en condiciones de pobreza, y son costosas para la&#xd;
economía. Este Proyecto se centra en los esfuerzos puestos por la Organización Mundial de&#xd;
la Salud (OMS) para combatir una de estas enfermedades, el mal de Chagas, a través de la&#xd;
iniciativa “World Information System for Chagas control” (WISCC). Este Sistema permitirá&#xd;
que los usuarios compartan datos relevantes sobre esta enfermedad con la OMS para que&#xd;
puedan analizarlos con el propósito de controlar la propagación de la enfermedad. Esta tesis&#xd;
se centra en concreto en una parte del WISCC, encargada de la entrada de datos y el envío&#xd;
de estos a los expertos de la OMS. Para solucionar estos problemas el proyecto consta&#xd;
principalmente de dos tareas a cumplir. Primero, proveemos una interfaz para la entrada de&#xd;
datos y para ello sacamos ventaja de herramientas ya existentes, en nuestro caso usamos la&#xd;
herramienta “District Health Information System 2” (DHIS2), que parametrizamos creando&#xd;
formularios para recolectar datos sobre el mal de Chagas. Segundo, extendemos las&#xd;
funcionalidades de la herramienta misma creando nuevas aplicaciones y servicios web para&#xd;
adaptarnos a requisitos específicos para organizar los datos y proporcionar nuevas opciones&#xd;
a la herramienta (p. ej. validar y enviar los datos añadidos al sistema).</subfield>
   </datafield>
   <datafield tag="653" ind2=" " ind1=" ">
      <subfield code="a">Àrees temàtiques de la UPC::Informàtica</subfield>
   </datafield>
   <datafield tag="653" ind2=" " ind1=" ">
      <subfield code="a">Web applications</subfield>
   </datafield>
   <datafield tag="653" ind2=" " ind1=" ">
      <subfield code="a">Chagas' disease</subfield>
   </datafield>
   <datafield tag="653" ind2=" " ind1=" ">
      <subfield code="a">Mal de chagas</subfield>
   </datafield>
   <datafield tag="653" ind2=" " ind1=" ">
      <subfield code="a">aplicaciones web</subfield>
   </datafield>
   <datafield tag="653" ind2=" " ind1=" ">
      <subfield code="a">formularios</subfield>
   </datafield>
   <datafield tag="653" ind2=" " ind1=" ">
      <subfield code="a">analisis de datos</subfield>
   </datafield>
   <datafield tag="653" ind2=" " ind1=" ">
      <subfield code="a">Chagas disease</subfield>
   </datafield>
   <datafield tag="653" ind2=" " ind1=" ">
      <subfield code="a">forms</subfield>
   </datafield>
   <datafield tag="653" ind2=" " ind1=" ">
      <subfield code="a">data analysis</subfield>
   </datafield>
   <datafield tag="653" ind2=" " ind1=" ">
      <subfield code="a">Aplicacions web</subfield>
   </datafield>
   <datafield tag="653" ind2=" " ind1=" ">
      <subfield code="a">Anàlisi de dades</subfield>
   </datafield>
   <datafield tag="653" ind2=" " ind1=" ">
      <subfield code="a">Chagas, Malaltia de</subfield>
   </datafield>
   <datafield ind2="0" ind1="0" tag="245">
      <subfield code="a">Parametrization of the chagas disease surveillance system for the WHO</subfield>
   </datafield>
</record></metadata></record></GetRecord></OAI-PMH>